A Grécia antiga (Record no. 44749)
[ view plain ]
| 000 -Etiqueta do registo | |
|---|---|
| Valores | 00702cam a2200229 4500 |
| 100 ## - Dados gerais de processamento | |
| Dados gerais | 20080304d1981 m y0pory5003 ba |
| 101 1# - Língua de publicação | |
| Língua | por |
| 102 ## - País de publicação | |
| País | PT |
| 200 1# - Titulo e menção de responsabilidade | |
| Título próprio | A Grécia antiga |
| Primeira menção de responsabilidade | Anton Powell, Patricia Vanags |
| Outras menções de responsabilidade | il. Ivan Lapper |
| -- | trad. Maria Irene Bigotte de Carvalho |
| 210 ## - Publicação | |
| Local de publicação | Lisboa |
| Nome do editor | Verbo |
| Data de publicação | cop. 1981 |
| 215 ## - Descrição física | |
| Paginação / Volumes | 30 p. |
| Outras indicações físicas | muito il. |
| Dimensões | 27 cm |
| 225 2# - Colecção | |
| Título próprio da colecção | Ver e saber |
| Indicação de volume | 14 |
| 300 ## - Notas gerais | |
| Texto da nota | Tít. orig.: A closer look at ancient greeks. |
| 675 ## - CDU | |
| Notação | 087.5:94(100) |
| Edição | med |
| Língua | fre |
| 700 #1 - Autor principal | |
| Apelido | Powell |
| Nome | Anton |
| 701 #1 - Autor co-responsavel | |
| Apelido | Vanags |
| Nome | Patricia |
| Função | 070 |
| 702 #1 - Autor secundário | |
| Apelido | Lapper |
| Nome | Ivan |
| Função | 440 |
| 702 #1 - Autor secundário | |
| Apelido | Carvalho |
| Nome | Maria Irene Bigotte de |
| Função | 730 |
| 801 #0 - Fonte de origem | |
| País | PT |
| Agência | ESEL |
| Regras de catalogação | RPC |
| 990 ## - Elementos KOHA | |
| Tipo de documento | Livro |
| Aquisição | Empréstimo | Código de barras | Cota | Permissão de empréstimo | Tipo de documento |
|---|---|---|---|---|---|
| Biblioteca Municipal de Redondo | Biblioteca Municipal de Redondo | A054839 | 94(38) POW | Livro |